00509nam a22001577a 450000500170000001000150001702000300003203500140006203700130007608200140008924501030010326000390020627000640024530000240030970000180033320220727164102.0 aENG-134004 c300.00a978-93-81899-80-9 aEN-117536 bDBAD/PUB a332.10954 aCashless India and Financial inclusion - Challenges and benefits/cedited by Nirmala Mohan, at all aTamilnadubSakthi Publishersc2017 aNo.12,Anna Street, Chitlapakkam, ChennaibTamilnadue600064 axii,179p.c23cm(pb) aNirmala Mohan